Une ville, un pays (lettre J) - Statistiques

Statistiques générales
  • Ce quiz a été pris 85 fois
  • Le résultat moyen est 11 sur 18
Statistiques - réponses
Hint Réponse % Correct
Johannesburg Afrique du Sud
97%
Jacksonville Etats-Unis
94%
Jouy-en-Josas France
94%
Jaipur Inde
94%
Jerez de la Frontera Espagne
84%
João Pessoa Brésil
81%
Jönköping Suède
78%
Jarosław Pologne
75%
Jyväskylä Finlande
71%
Jinan Chine
63%
Jambi Indonésie
59%
Johor Bahru Malaisie
46%
Jablonec nad Nisou Tchéquie
44%
Jette Belgique
30%
Jos Nigéria
19%
Jaffna Sri Lanka
19%
Jimma Ethiopie
11%
Jonava Lituanie
11%
Aucun quiz correspondant
Distribution des résultats
% des personnes avec chaque résultat
Percentile par nombre de réponses
Votre historique - résultats
Vous n’avez pas pris ce quiz